Countries Which Spend the Most Each Vacation Abroad - Statistics

General Stats
  • This quiz has been taken 64 times
  • The average score is 14 of 22
Answer Stats
# Expenditure Answer % Correct
18 $1,323 United States
97%
19 $1,308 Japan
95%
9 $1,647 China
93%
14 $1,455 France
85%
1 $3,078 Australia
82%
16 $1,337 Spain
82%
2 $3,040 South Korea
77%
11 $1,576 New Zealand
75%
7 $1,971 Norway
75%
12 $1,468 Switzerland
72%
3 $2,966 Singapore
68%
15 $1,399 Denmark
65%
5 $2,166 Portugal
63%
21 $1,210 Luxembourg
58%
10 $1,719 Brazil
57%
4 $2,470 Iceland
57%
6 $2,096 Taiwan
55%
8 $1,861 Indonesia
43%
22 $1,200 Iran
27%
20 $1,306 Dominican Republic
17%
12 $1,468 Fiji
17%
17 $1,334 Moldova
3%
No matching quizzes found
Score Distribution
Percent of People with Each Score
Percentile by Number Answered
Your Score History
You have not taken this quiz